000 00347nam a2200145Ia 4500
008 221007s9999 xx 000 0 und d
041 _aeng
082 _bJOS
100 _aJoshi P
_925186
245 _aSales (Distributed Network) Order System
260 _c2003
_bPune University
_aPune
300 _a94p
520 _aVaze S
906 _bGeneral
999 _c69349
_d69349